[Event "World Blitz 2015"]
[Site "Berlin GER"]
[Date "2015.10.14"]
[Round "21.62"]
[White "Wagner, Dennis"]
[Black "Papin, Vasily"]
[Result "0-1"]
[WhiteTitle "GM"]
[BlackTitle "GM"]
[WhiteElo "2575"]
[BlackElo "2502"]
[WhiteFideId "24650684"]
[BlackFideId "4143183"]
[EventDate "2015.10.13"]

1. d4 Nf6 2. c4 e6 3. Nf3 b6 4. a3 Ba6 5. Qc2 Bb7 6. Nc3 c5 7. e4 cxd4 8. Nxd4
d6 9. Be3 a6 10. Be2 Qc7 11. O-O-O Nbd7 12. g4 h6 13. h4 h5 14. g5 Ng4 15. Bxg4
hxg4 16. g6 Ne5 17. gxf7+ Qxf7 18. Bg5 Be7 19. Kb1 Bxg5 20. hxg5 O-O-O 21. Rxh8
Rxh8 22. Qb3 Nd7 23. Na4 Kc7 24. c5 Bxe4+ 25. Ka1 Bd5 26. cxb6+ Kb7 27. Qb4 Qf4
28. Nc3 Rc8 29. Nxd5 exd5 30. Ka2 Rc4 31. Qd2 Qxd2 32. Rxd2 g6 33. Nb3 Rf4 34.
Rxd5 Nxb6 35. Rxd6 Rxf2 36. Na5+ Ka7 37. Rxg6 g3 38. Rg7+ Ka8 39. Nc6 Nc8 40.
Rd7 g2 41. Rd1 Rf1 42. Rd4 g1=Q 43. Rb4 Nb6 44. Rxb6 Qxb6 0-1

[Event "World Blitz 2015"]
[Site "Berlin GER"]
[Date "2015.10.14"]
[Round "21.64"]
[White "Zvjaginsev, Vadim"]
[Black "Kovalev, Vladislav"]
[Result "1/2-1/2"]
[WhiteTitle "GM"]
[BlackTitle "GM"]
[WhiteElo "2660"]
[BlackElo "2546"]
[WhiteFideId "4113403"]
[BlackFideId "13504398"]
[EventDate "2015.10.13"]

1. e4 e5 2. Nf3 Nc6 3. g3 g6 4. Bg2 Bg7 5. O-O Nge7 6. c3 O-O 7. b4 d6 8. d3 h6
9. Nbd2 f5 10. Bb2 Kh7 11. b5 Nb8 12. a4 a6 13. Rb1 axb5 14. axb5 Nd7 15. d4
exd4 16. cxd4 fxe4 17. Nxe4 Nf6 18. Nxf6+ Bxf6 19. h3 Bf5 20. Rc1 Be4 21. Re1
Bd5 22. Qc2 c6 23. bxc6 bxc6 24. h4 Kg7 25. Ne5 Bxg2 26. Kxg2 dxe5 27. dxe5 Qd5+
28. Qe4 Bxh4 29. gxh4 Ra2 30. Rc2 Rb8 31. Qxd5 Nxd5 32. Rb1 Nf4+ 33. Kh2 Kf7 34.
Bd4 Rxc2 35. Rxb8 c5 36. Rc8 Ke6 37. Rxc5 Rxc5 38. Bxc5 Kxe5 39. h5 Nxh5 40. Bf8
Nf6 41. Kg3 h5 42. f3 Kf5 43. Bd6 g5 44. Kg2 Nd5 45. Bb8 Nb4 46. Bc7 Nc2 47. Bb8
Ne1+ 48. Kf2 Nd3+ 49. Kg2 h4 50. Bc7 Nf4+ 51. Kh2 Ne6 52. Bb8 Nc5 53. Kg2 Nd3
54. Bc7 Ne1+ 55. Kf2 Nd3+ 56. Kg2 Ne5 57. Bb8 Kf4 58. Bc7 Kf5 59. Bb8 Nf7 60.
Bc7 Ne5 61. Bb8 Nd3 62. Bc7 Ke6 63. Bd8 Nf4+ 64. Kh2 Kf5 65. Bc7 Nd5 66. Bb8 Ne7
67. Bc7 Nc6 68. Kg2 Ke6 69. Kf2 Nd4 70. Kg2 Kd5 71. Bd8 Ne6 72. Bxg5 1/2-1/2

[Event "World Blitz 2015"]
[Site "Berlin GER"]
[Date "2015.10.14"]
[Round "21.65"]
[White "Sumets, Andrey"]
[Black "Shabalov, Alexander"]
[Result "0-1"]
[WhiteTitle "GM"]
[BlackTitle "GM"]
[WhiteElo "2583"]
[BlackElo "2522"]
[WhiteFideId "14105500"]
[BlackFideId "2008572"]
[EventDate "2015.10.13"]

1. d4 Nf6 2. c4 b6 3. Nc3 Bb7 4. f3 d5 5. cxd5 Nxd5 6. Nxd5 Qxd5 7. e4 Qd7 8.
Bc4 e6 9. Ne2 Bb4+ 10. Bd2 Bxd2+ 11. Qxd2 O-O 12. O-O c5 13. Rfd1 cxd4 14. Qxd4
Qe7 15. Qd6 Qxd6 16. Rxd6 Nc6 17. Bb5 Rfd8 18. Bxc6 Rxd6 19. Bxb7 Rb8 20. Rc1
Rd2 21. Nf4 Rxb2 22. a4 Ra2 23. Rc4 h6 24. Ba6 Rd8 25. h4 g5 26. hxg5 hxg5 27.
Nh3 Rdd2 28. Rc8+ Kg7 29. Bf1 Ra1 30. Nf2 Rxa4 31. Rc1 a5 32. Nd3 Ra3 33. Ne5
Raa2 34. Nc4 Rdc2 35. Rb1 Rc3 36. Nxb6 a4 37. Nd7 a3 38. Ne5 Rb2 39. Ra1 a2 40.
Nc4 Rb1 41. Rxa2 Rxc4 42. Rf2 Rcc1 43. g3 Kf6 44. Kg2 Ke5 45. Bd3 Rg1+ 46. Kh2
Rh1+ 47. Kg2 Rbg1# 0-1

[Event "World Blitz 2015"]
[Site "Berlin GER"]
[Date "2015.10.14"]
[Round "21.66"]
[White "Halkias, Stelios"]
[Black "Svane, Rasmus"]
[Result "1/2-1/2"]
[WhiteTitle "GM"]
[BlackTitle "IM"]
[WhiteElo "2534"]
[BlackElo "2543"]
[WhiteFideId "4201809"]
[BlackFideId "4657101"]
[EventDate "2015.10.13"]

1. c4 c6 2. Nf3 d5 3. e3 Nf6 4. Nc3 e6 5. Qc2 a6 6. b3 c5 7. cxd5 exd5 8. d4 Nc6
9. dxc5 Bxc5 10. Be2 O-O 11. O-O Be6 12. Bb2 Rc8 13. Rad1 Qe7 14. Qb1 Rfd8 15.
Na4 Bd6 16. h3 h6 17. Nd4 Ne4 18. Nxe6 fxe6 19. Nc3 Nxc3 20. Bxc3 Be5 21. Bxe5
Nxe5 22. Rd2 Nf7 23. Rc1 Nd6 24. Rdc2 Rxc2 25. Rxc2 Qd7 26. Bd3 Rc8 27. Rxc8+
Qxc8 28. Qb2 Qc6 29. Qe5 Qd7 30. g3 Nc8 31. Qb8 Kf7 32. h4 Nd6 33. h5 Nf5 34. g4
Ne7 35. Bh7 Qc6 36. Qf4+ Ke8 37. g5 hxg5 38. Qxg5 Kf7 39. Qf4+ Ke8 40. Qe5 Kf7
41. a4 Qb6 42. Qf4+ Ke8 43. Bg6+ Kd7 44. Qf7 d4 45. exd4 Qxd4 46. Qe8+ Kd6 47.
Qd8+ Ke5 48. Qxe7 Qg4+ 49. Kf1 Qd1+ 50. Kg2 Qg4+ 51. Kf1 Qd1+ 52. Kg2 Qg4+ 53.
Kh2 Qf4+ 54. Kh1 Qf3+ 55. Kg1 Qg4+ 56. Kh2 Qf4+ 1/2-1/2

[Event "World Blitz 2015"]
[Site "Berlin GER"]
[Date "2015.10.14"]
[Round "21.67"]
[White "Abel, Dennes"]
[Black "Huzman, Alexander"]
[Result "1/2-1/2"]
[WhiteTitle "IM"]
[BlackTitle "GM"]
[WhiteElo "2441"]
[BlackElo "2580"]
[WhiteFideId "24605417"]
[BlackFideId "2803828"]
[EventDate "2015.10.13"]

1. d4 e6 2. e4 d5 3. Bd3 c5 4. exd5 Qxd5 5. Nf3 cxd4 6. O-O Nc6 7. Nbd2 Nf6 8.
Nb3 Be7 9. Nbxd4 Nxd4 10. Nxd4 O-O 11. c4 Qa5 12. Bd2 Qb6 13. Bc3 Bd7 14. Qe2
Rfd8 15. Rfd1 Bc6 16. Nxc6 bxc6 17. b3 a5 18. Bc2 h6 19. g3 Ne8 20. Qe4 Nf6 21.
Qe2 Kf8 22. Rxd8+ Rxd8 23. Rd1 Ne8 24. Rxd8 Bxd8 25. Qd3 Bf6 26. Bd2 Bd4 27. Qe2
Nf6 28. Kf1 h5 29. h3 c5 30. Bg5 Qc6 31. Kg1 Qd6 32. Qf3 Qe5 33. Bxf6 gxf6 34.
h4 f5 35. Bd1 Qe1+ 36. Kg2 Ke7 37. Qe2 Bxf2 38. Qxf2 Qxd1 39. Qxc5+ Kf6 40. Qe3
Qc2+ 41. Kf3 Qxa2 42. Qg5+ Ke5 43. Qf4+ Kf6 44. Qg5+ Ke5 45. Qf4+ Kf6 46. Qg5+ 1/2-1/2

[Event "World Blitz 2015"]
[Site "Berlin GER"]
[Date "2015.10.14"]
[Round "21.68"]
[White "Polzin, Rainer"]
[Black "Nielsen, Peter Heine"]
[Result "1-0"]
[WhiteTitle "GM"]
[BlackTitle "GM"]
[WhiteElo "2416"]
[BlackElo "2654"]
[WhiteFideId "4610741"]
[BlackFideId "1400355"]
[EventDate "2015.10.13"]

1. e4 e5 2. Nf3 Nc6 3. Bb5 a6 4. Ba4 Nf6 5. O-O b5 6. Bb3 Bb7 7. d3 Be7 8. Nc3
d6 9. Bg5 Na5 10. Bxf6 Bxf6 11. Nd5 Nxb3 12. axb3 c5 13. c4 O-O 14. Qd2 b4 15.
h3 Be7 16. Qe2 f5 17. exf5 Rxf5 18. Nd2 Bg5 19. Ne4 Bh6 20. Ne3 Rf8 21. Ng4 Bf4
22. Ne3 Qd7 23. Qg4 Qe7 24. g3 Bxe3 25. fxe3 Bc6 26. Rxf8+ Rxf8 27. Rf1 Rxf1+
28. Kxf1 Bd7 29. Qh4 Qf8+ 30. Ke2 Bf5 31. Nf2 h6 32. g4 Bd7 33. Qg3 Bc6 34. e4
Qf4 35. Qxf4 exf4 36. h4 a5 37. Kf3 a4 38. bxa4 Bxa4 39. Kxf4 Kf7 40. e5 Ke6 41.
exd6 Kxd6 42. g5 Bc2 43. gxh6 gxh6 44. Kf5 b3 45. Kg6 Ke5 46. Kxh6 Kf4 47. h5
Ke3 48. Ne4 Kxd3 49. Nxc5+ Kxc4 50. Na4 Kb4 51. Nc3 1-0

[Event "World Blitz 2015"]
[Site "Berlin GER"]
[Date "2015.10.14"]
[Round "21.69"]
[White "Donchenko, Alexander"]
[Black "Godena, Michele"]
[Result "0-1"]
[WhiteTitle "GM"]
[BlackTitle "GM"]
[WhiteElo "2577"]
[BlackElo "2513"]
[WhiteFideId "24603295"]
[BlackFideId "800090"]
[EventDate "2015.10.13"]

1. e4 e5 2. Nf3 Nc6 3. Bb5 a6 4. Ba4 Nf6 5. O-O b5 6. Bb3 Bc5 7. d3 d6 8. a4 Rb8
9. axb5 axb5 10. Nc3 Bg4 11. h3 Bxf3 12. Qxf3 Nd4 13. Qg3 Nxb3 14. cxb3 O-O 15.
Bh6 Ne8 16. Nd5 Kh8 17. Bg5 f6 18. Bd2 c6 19. Ne3 Bxe3 20. Qxe3 f5 21. exf5 Rxf5
22. d4 Nf6 23. dxe5 Rxe5 24. Qf3 Qd7 25. Bc3 Rf5 26. Qd3 Nd5 27. Bd4 Nf4 28. Ra7
Qxa7 29. Bxg7+ Qxg7 0-1

[Event "World Blitz 2015"]
[Site "Berlin GER"]
[Date "2015.10.14"]
[Round "21.70"]
[White "Shchekachev, Andrei"]
[Black "Dlugy, Maxim"]
[Result "0-1"]
[WhiteTitle "GM"]
[BlackTitle "GM"]
[WhiteElo "2531"]
[BlackElo "2518"]
[WhiteFideId "4107730"]
[BlackFideId "2000075"]
[EventDate "2015.10.13"]

1. Nf3 Nf6 2. c4 g6 3. a3 Bg7 4. Ra2 O-O 5. h3 c5 6. Rh2 Nc6 7. b3 d5 8. cxd5
Nxd5 9. Bb2 e5 10. d3 Be6 11. g3 a5 0-1

[Event "World Blitz 2015"]
[Site "Berlin GER"]
[Date "2015.10.14"]
[Round "21.71"]
[White "Ehlvest, Jaan"]
[Black "Richter, Michael"]
[Result "1-0"]
[WhiteTitle "GM"]
[BlackTitle "GM"]
[WhiteElo "2535"]
[BlackElo "2517"]
[WhiteFideId "4500016"]
[BlackFideId "4618920"]
[EventDate "2015.10.13"]

1. e4 e6 2. Qe2 c5 3. g3 Nc6 4. Bg2 g6 5. c3 Bg7 6. f4 Nge7 7. Nf3 d5 8. d3 O-O
9. O-O b5 10. a3 a5 11. e5 Ba6 12. Be3 d4 13. cxd4 cxd4 14. Bf2 Rc8 15. Nbd2 b4
16. Ne4 bxa3 17. bxa3 Nd5 18. Rfc1 f6 19. Nc5 Qb6 20. exf6 Rxf6 21. Nd7 Qb7 22.
Nxf6+ Bxf6 23. Qxe6+ Qf7 24. Qxf7+ Kxf7 25. Ng5+ 1-0

[Event "World Blitz 2015"]
[Site "Berlin GER"]
[Date "2015.10.14"]
[Round "21.72"]
[White "Mikhalevski, Victor"]
[Black "Milanovic, Danilo"]
[Result "0-1"]
[WhiteTitle "GM"]
[BlackTitle "GM"]
[WhiteElo "2536"]
[BlackElo "2469"]
[WhiteFideId "2801914"]
[BlackFideId "915483"]
[EventDate "2015.10.13"]

1. Nf3 Nf6 2. g3 b5 3. Bg2 Bb7 4. d3 d5 5. O-O e6 6. Nbd2 Be7 7. c4 a6 8. b3 O-O
9. Bb2 Nbd7 10. Qc2 c5 11. e3 Qb6 12. Rab1 Rac8 13. h3 Rfd8 14. Rfd1 Bf8 15. g4
h6 16. Nf1 Bc6 17. Ng3 Qb7 18. Ne5 Nxe5 19. Bxe5 Nd7 20. Ba1 e5 21. cxd5 Bxd5
22. Ne4 Re8 23. Qe2 Qb6 24. Qf3 Ba8 25. Qg3 Qg6 26. Rbc1 Rcd8 27. h4 Qb6 28. g5
hxg5 29. hxg5 Qg6 30. Bf3 f5 31. gxf6 Qxg3+ 32. fxg3 gxf6 33. Bg4 Kg7 34. Rf1
Bxe4 35. dxe4 Nb6 36. Rc2 c4 37. Bf5 Bc5 38. Kf2 Rd3 39. Re2 Rh8 40. Kg2 cxb3
41. axb3 Rxb3 42. Rd1 a5 43. Rc2 Nc4 44. Rd7+ Kh6 45. Rc1 Nxe3+ 46. Kf2 Nxf5+
47. Rxc5 Nxg3 48. Rc1 Nxe4+ 49. Ke2 Kg5 50. Rg7+ Kf5 51. Rg2 Rhh3 52. Rf1+ Ke6
53. Rc1 b4 54. Rd1 a4 55. Rc1 a3 56. Rc6+ Kf5 57. Rc1 Rbe3+ 58. Kf1 b3 59. Kg1
Rhg3 60. Rf1+ Ke6 61. Rb1 Rxg2+ 62. Kxg2 b2 63. Bxb2 Re2+ 64. Kf3 Rxb2 65. Ra1
Nd2+ 66. Ke3 a2 67. Kd3 Nb3 68. Kc3 Nxa1 69. Kxb2 Nb3 70. Kxa2 0-1

[Event "World Blitz 2015"]
[Site "Berlin GER"]
[Date "2015.10.14"]
[Round "21.73"]
[White "Maze, Sebastien"]
[Black "Pavlovic, Milos"]
[Result "1-0"]
[WhiteTitle "GM"]
[BlackTitle "GM"]
[WhiteElo "2582"]
[BlackElo "2481"]
[WhiteFideId "613762"]
[BlackFideId "900389"]
[EventDate "2015.10.13"]

1. e4 e5 2. Nf3 Nc6 3. Bb5 Nf6 4. O-O Nxe4 5. Re1 Nd6 6. Nxe5 Be7 7. Bf1 Nxe5 8.
Rxe5 O-O 9. Nc3 Bf6 10. Re1 b6 11. Nd5 Bb7 12. Nxf6+ Qxf6 13. Qg4 Rae8 14. Re3
Nf5 15. Rxe8 Rxe8 16. d3 Nd4 17. Bg5 Qd6 18. c3 Ne6 19. Be3 Qf8 20. Re1 f5 21.
Qh3 f4 22. Bd2 Re7 23. d4 h6 24. Bd3 Ng5 25. Qg4 Rxe1+ 26. Bxe1 Qf7 27. b3 f3
28. h4 Ne6 29. g3 a5 30. Bd2 Nf8 31. c4 Kh8 32. d5 d6 33. Bc3 Qe7 34. Qf4 Kg8
35. Qf5 Qf7 36. Qe4 Bc8 37. Kh2 h5 38. a3 Bg4 39. b4 axb4 40. axb4 Bd7 41. Kg1
Bg4 42. Kf1 Bd7 43. Ke1 Bg4 44. Kd2 Bd7 45. Ke3 Bg4 46. Bc2 Qd7 47. Bd1 Qa4 48.
Bxa4 1-0

[Event "World Blitz 2015"]
[Site "Berlin GER"]
[Date "2015.10.14"]
[Round "21.74"]
[White "Sethuraman, S.P."]
[Black "Tari, Aryan"]
[Result "1-0"]
[WhiteTitle "GM"]
[BlackTitle "IM"]
[WhiteElo "2640"]
[BlackElo "2521"]
[WhiteFideId "5021596"]
[BlackFideId "1510045"]
[EventDate "2015.10.13"]

1. e4 c6 2. d4 d5 3. e5 Bf5 4. Nf3 e6 5. Be2 Ne7 6. c3 c5 7. dxc5 Nec6 8. b4 Nd7
9. Bf4 a5 10. b5 Ncb8 11. Nd4 Bxb1 12. Rxb1 Bxc5 13. O-O O-O 14. Bd3 Qh4 15. Bg3
Qh6 16. f4 f5 17. exf6 Qxf6 18. Kh1 Nb6 19. f5 Bxd4 20. cxd4 N8d7 21. Rc1 e5 22.
dxe5 Nxe5 23. Bb1 Nec4 24. Re1 Rae8 25. Qf3 Nd2 26. Qd3 Nxb1 27. Rxe8 Rxe8 28.
Rxb1 d4 29. Bf2 Rd8 30. Rd1 Qe5 31. h3 Qd5 32. Bxd4 Nc4 33. Qg3 Rd7 34. f6 g6
35. Qb8+ Rd8 36. Qf4 Rd7 37. Re1 Kf7 38. Qh6 Kg8 39. Re8+ 1-0

[Event "World Blitz 2015"]
[Site "Berlin GER"]
[Date "2015.10.14"]
[Round "21.75"]
[White "Hirneise, Tobias"]
[Black "Schmaltz, Roland"]
[Result "1/2-1/2"]
[WhiteTitle "IM"]
[BlackTitle "GM"]
[WhiteElo "2457"]
[BlackElo "2504"]
[WhiteFideId "24600881"]
[BlackFideId "4614054"]
[EventDate "2015.10.13"]

1. d4 Nf6 2. c4 g6 3. Nc3 Bg7 4. e4 d6 5. Nf3 O-O 6. Be2 Na6 7. Be3 Qe8 8. O-O
e5 9. dxe5 dxe5 10. h3 b6 11. a3 Nc5 12. Qc2 Bb7 13. Bxc5 bxc5 14. b4 cxb4 15.
axb4 Qe7 16. Rab1 c6 17. Na4 Nh5 18. Rfd1 Nf4 19. Bf1 Bc8 20. Nc5 a5 21. Ra1 Rb8
22. Rxa5 Rxb4 23. Qc3 Rb8 24. Nd3 Re8 25. Qa3 Qxa3 26. Rxa3 Nxd3 27. Raxd3 Be6
28. Rd6 Rbc8 29. Ng5 Bf8 30. R6d3 Bc5 31. Nxe6 Rxe6 32. Rf3 Bd4 33. Rb1 Re7 34.
g3 Ra8 35. Kg2 Ra2 36. Rbb3 h5 37. Ra3 Ra7 38. Rxa2 Rxa2 39. h4 c5 40. Kg1 Kg7
41. Bh3 Re2 42. Bd7 Re1+ 43. Kg2 f6 44. Bc6 Re2 45. Bd5 Rb2 46. Bc6 Kf7 47. Bd5+
Ke7 48. Kg1 Re2 49. Kg2 Rb2 50. Kg1 Rd2 1/2-1/2

[Event "World Blitz 2015"]
[Site "Berlin GER"]
[Date "2015.10.14"]
[Round "21.76"]
[White "Ernst, Sipke"]
[Black "Pham, Le Thao Nguyen"]
[Result "0-1"]
[WhiteTitle "GM"]
[BlackTitle "IM"]
[WhiteElo "2527"]
[BlackElo "2319"]
[WhiteFideId "1004689"]
[BlackFideId "12401226"]
[EventDate "2015.10.13"]

1. d4 d5 2. c4 c6 3. Nf3 Nf6 4. e3 Bf5 5. Nc3 e6 6. Bd3 Bg6 7. O-O Nbd7 8. Qe2
Ne4 9. Nd2 Nxd2 10. Bxd2 Be7 11. e4 dxe4 12. Bxe4 O-O 13. Rad1 Re8 14. Bf4 Nf6
15. Bf3 Qa5 16. a3 Rad8 17. Rfe1 Qa6 18. h3 h6 19. Be5 Nd7 20. Bc7 Rc8 21. Bg3
Nb6 22. c5 Qxe2 23. Bxe2 Nd7 24. b4 a6 25. Bc4 Bf6 26. Bd6 Nf8 27. f4 h5 28. a4
Ra8 29. g3 Bf5 30. h4 Ng6 31. Kf2 Bg4 32. Rd2 Ne7 33. Ne4 Nf5 34. Be5 Be7 35.
Rb1 Red8 36. b5 axb5 37. axb5 Ra4 38. Bb3 Rb4 39. Bc2 Rxb1 40. Bxb1 cxb5 41. Nc3
b4 42. Na4 f6 43. Bc7 Rxd4 44. Rb2 Rc4 45. Ba2 Rc1 46. Bxe6+ Kh7 47. Bd5 Bxc5+
48. Nxc5 Rxc5 49. Be4 Rxc7 50. Rxb4 g6 51. Bxb7 Nd6 52. Bd5 Bf5 53. Rb6 Rd7 54.
Ke3 Kg7 55. Kd4 Ne8 56. Kc5 Re7 57. Rb3 Nc7 58. Bc4 Rd7 59. Kc6 Ne8 60. Rb8 Kf8
61. Bb5 Re7 62. Kd5 Be4+ 63. Kd4 Bf5 64. Bc6 Bd7 65. Bd5 Be6 66. Bc6 Kf7 67. Be4
Nd6 68. Bd3 Nf5+ 69. Bxf5 Bxf5 70. Rb3 Re4+ 71. Kd5 Re1 72. Rb7+ Kf8 73. Rb6 Kg7
74. Rb7+ Kh6 75. Rb6 Re3 76. Rxf6 Rxg3 77. Kd6 Rg4 78. Ke7 Rxf4 79. Kf8 Rxh4 80.
Kg8 Ra4 81. Kh8 h4 82. Rxg6+ Kxg6 83. Kg8 Ra8# 0-1

[Event "World Blitz 2015"]
[Site "Berlin GER"]
[Date "2015.10.14"]
[Round "21.77"]
[White "Hasangatin, Ramil"]
[Black "Seirawan, Yasser"]
[Result "0-1"]
[WhiteTitle "GM"]
[BlackTitle "GM"]
[WhiteElo "2509"]
[BlackElo "2620"]
[WhiteFideId "4122160"]
[BlackFideId "2000032"]
[EventDate "2015.10.13"]

1. e4 c6 2. d4 d5 3. Nd2 dxe4 4. Nxe4 Nf6 5. Nxf6+ gxf6 6. c3 h5 7. Bf4 Bf5 8.
Qb3 Qb6 9. Nf3 h4 10. Nd2 Nd7 11. Nc4 Qxb3 12. axb3 a6 13. Na5 e5 14. Be3 O-O-O
15. Nc4 Be4 16. f3 Bd5 17. Kf2 Bh6 18. Bxh6 Rxh6 19. Be2 exd4 20. Nd6+ Kc7 21.
Nf5 Rh5 22. Nxd4 c5 23. Nc2 Bxb3 24. Ne3 Be6 25. f4 Rhh8 26. f5 Bb3 27. Ra3 c4
28. Bxc4 Bxc4 29. Nxc4 Ne5 30. Ra4 Rh5 31. Nxe5 fxe5 32. Ke3 Rg8 33. Rc4+ Kb8
34. Rg1 Rgg5 35. Rd1 Rxg2 36. b4 Rxf5 37. Rd7 Rf6 38. Rcc7 Rb6 39. Rxf7 Rxh2 40.
Rh7 h3 41. Rce7 Rh1 42. Kf2 h2 43. Kg2 Rc1 44. Kxh2 Rxc3 45. Rh4 a5 46. Re8+ Ka7
47. Rxe5 axb4 48. Ra5+ Ra6 49. Rxa6+ Kxa6 50. Rxb4 b5 51. Rb1 Ka5 52. Ra1+ Kb4
53. Kg2 Kc4 54. Kf2 b4 55. Ke2 Rc2+ 56. Kd1 Rh2 57. Ra8 Kb3 58. Rb8 Kc3 59. Rg8
b3 60. Rg3+ Kb2 61. Rf3 Ka2 62. Rf8 b2 63. Ra8+ Kb1 64. Rb8 Rh5 65. Rd8 Ra5 66.
Rb8 Ka2 67. Kc2 b1=Q+ 0-1

[Event "World Blitz 2015"]
[Site "Berlin GER"]
[Date "2015.10.14"]
[Round "21.78"]
[White "Agrest, Evgenij"]
[Black "Rabiega, Robert"]
[Result "0-1"]
[WhiteTitle "GM"]
[BlackTitle "GM"]
[WhiteElo "2596"]
[BlackElo "2503"]
[WhiteFideId "1705024"]
[BlackFideId "4601475"]
[EventDate "2015.10.13"]

1. Nf3 d5 2. c4 dxc4 3. e3 Be6 4. Ng5 Bd5 5. e4 Bc6 6. Bxc4 e6 7. d3 Be7 8. Nf3
Nf6 9. Nc3 O-O 10. O-O a6 11. a4 b6 12. Qe2 Nbd7 13. Rd1 e5 14. Be3 Bc5 15. d4
exd4 16. Nxd4 Bb7 17. f3 Re8 18. Qf2 Qe7 19. Kh1 Qf8 20. Ba2 Rad8 21. Qg3 Bd6
22. Qh3 Ne5 23. Bg5 Bc8 24. Nf5 Be7 25. Qg3 Bxf5 26. Qxe5 Bg6 27. Qxc7 h6 28.
Bh4 Rb8 29. Bg3 Nh5 30. Bd6 Bxd6 31. Qxd6 Qxd6 32. Rxd6 Kh7 33. Nd5 b5 34. a5
Rbc8 35. Rxa6 Rc2 36. Rb6 Rxb2 37. a6 f5 38. Nc7 Rd8 39. Bd5 fxe4 40. fxe4 Nf6
41. a7 Nxd5 42. exd5 Be4 43. Rg1 Rf8 44. h3 Rf3 45. Kh2 Bf5 46. Kh1 Be4 47. Kh2
Bf5 48. Kh1 Be4 49. gxf3 Bxf3+ 50. Rg2 Rxg2 0-1

[Event "World Blitz 2015"]
[Site "Berlin GER"]
[Date "2015.10.14"]
[Round "21.79"]
[White "Hovhannisyan, Mher"]
[Black "Motylev, Alexander"]
[Result "0-1"]
[WhiteTitle "IM"]
[BlackTitle "GM"]
[WhiteElo "2499"]
[BlackElo "2649"]
[WhiteFideId "13300865"]
[BlackFideId "4121830"]
[EventDate "2015.10.13"]

1. e4 c5 2. c3 d5 3. exd5 Qxd5 4. d4 Nf6 5. Nf3 Bg4 6. Be2 e6 7. O-O cxd4 8.
cxd4 Nc6 9. Nc3 Qa5 10. h3 Bh5 11. a3 Be7 12. Be3 O-O 13. b4 Qd8 14. Qb3 Bd6 15.
Rfd1 Ne7 16. Bg5 Nfd5 17. Nxd5 exd5 18. Rac1 h6 19. Bh4 a6 20. Rc2 Bg6 21. Bd3
Bh5 22. Be2 Re8 23. Ne5 Bxe2 24. Rxe2 f6 25. Nf3 Qd7 26. Rde1 Kf8 27. Bg3 Bxg3
28. fxg3 Nf5 29. g4 Rxe2 30. Rxe2 Ng3 31. Rc2 Ne4 32. Qb1 Rc8 33. Qc1 Rc6 34.
Rxc6 Qxc6 35. Qxc6 bxc6 36. Kf1 Nc3 37. Nd2 Nb5 38. Nb3 Nxa3 39. Ke2 Nc2 40. Kd2
Nxb4 41. Kc3 Na2+ 42. Kb2 Nb4 43. Kc3 c5 44. Nxc5 a5 45. Nb7 Nc6 46. Kb3 Nxd4+
47. Ka4 Nc6 48. Kb5 d4 49. Kxc6 d3 50. Nxa5 d2 0-1

[Event "World Blitz 2015"]
[Site "Berlin GER"]
[Date "2015.10.14"]
[Round "21.80"]
[White "Agdestein, Simen"]
[Black "Vogel, Roven"]
[Result "1-0"]
[WhiteTitle "GM"]
[WhiteElo "2606"]
[BlackElo "2417"]
[WhiteFideId "1500015"]
[BlackFideId "12908088"]
[EventDate "2015.10.13"]

1. d4 Nf6 2. c4 e6 3. Nf3 Bb4+ 4. Nbd2 O-O 5. a3 Bxd2+ 6. Qxd2 b6 7. e3 Bb7 8.
Be2 d6 9. O-O Nbd7 10. b4 Qe7 11. Bb2 a6 12. Rad1 Rfe8 13. Qc2 Be4 14. Qb3 c6
15. Nd2 Bg6 16. Rc1 Rec8 17. f3 d5 18. cxd5 exd5 19. a4 b5 20. a5 Ne8 21. e4 Nd6
22. e5 Nc4 23. Qc3 Ndxe5 24. dxe5 d4 25. Qxd4 Rd8 26. Qc3 Nxd2 27. Rfd1 Qg5 28.
Kh1 Rac8 29. e6 f6 30. Qc5 Rd5 31. Qa7 Nb3 32. Rxd5 Qxd5 33. Qd7 Re8 34. Rxc6
Qf5 35. Rc8 Qb1+ 36. Bc1 h6 37. Rxe8+ Bxe8 38. Qxe8+ Kh7 39. Qd7 Qxc1+ 40. Qd1
Qb2 41. e7 Qe5 42. Qd3+ g6 43. Bf1 Na1 44. Qe2 1-0

[Event "World Blitz 2015"]
[Site "Berlin GER"]
[Date "2015.10.14"]
[Round "21.81"]
[White "Naumann, Alexander"]
[Black "Choukri, Adel"]
[Result "0-1"]
[WhiteTitle "GM"]
[BlackTitle "CM"]
[WhiteElo "2545"]
[BlackElo "2199"]
[WhiteFideId "4623169"]
[BlackFideId "9000399"]
[EventDate "2015.10.13"]

1. e4 e6 2. d4 d5 3. Nd2 Nf6 4. e5 Nfd7 5. Bd3 c5 6. c3 Nc6 7. Ne2 cxd4 8. cxd4
f6 9. exf6 Nxf6 10. Nf3 Bd6 11. O-O Qc7 12. Bg5 O-O 13. Rc1 h6 14. Bd2 Bd7 15.
Ng3 Qb6 16. Bc3 Be8 17. Re1 Bf7 18. Re2 Bf4 19. Rb1 Rae8 20. Qe1 g5 21. Rd1 h5
22. Nf1 g4 23. Ne5 Nxe5 24. dxe5 Nd7 25. Bd4 Qd8 26. Bb5 a6 27. Bxd7 Qxd7 28.
Bc5 Bg6 29. Bxf8 Rxf8 30. Ne3 Rc8 31. Red2 Qb5 32. b3 Qc5 33. g3 Bg5 34. Ng2
Bxd2 35. Qxd2 Qc2 36. f4 Qxd2 37. Rxd2 Rc3 38. Kf2 Be4 39. Ne3 Rc5 40. Rd1 Kf7
41. Ke1 Kg6 42. Kd2 d4 43. Nc4 b5 44. Nd6 Rc2+ 45. Ke1 Bf3 46. Rd2 Rc1+ 47. Kf2
Rh1 48. Rxd4 Rxh2+ 49. Kf1 Rxa2 50. Ne8 h4 51. gxh4 g3 52. f5+ Kxf5 0-1

[Event "World Blitz 2015"]
[Site "Berlin GER"]
[Date "2015.10.14"]
[Round "21.82"]
[White "Carstensen, Jacob"]
[Black "Seel, Christian"]
[Result "0-1"]
[WhiteTitle "IM"]
[BlackTitle "IM"]
[WhiteElo "2352"]
[BlackElo "2474"]
[WhiteFideId "1404180"]
[BlackFideId "4663098"]
[EventDate "2015.10.13"]

1. d4 Nf6 2. c4 g6 3. Nc3 d5 4. Nf3 Bg7 5. Bf4 O-O 6. e3 c5 7. dxc5 Qa5 8. Rc1
dxc4 9. Bxc4 Qxc5 10. Bb3 Qh5 11. O-O Nc6 12. h3 Bf5 13. Ne5 Qxd1 14. Rfxd1 Na5
15. Bc2 Bxc2 16. Rxc2 Rfd8 17. Rcd2 Rxd2 18. Rxd2 Rc8 19. Nd5 Nxd5 20. Rxd5 Bxe5
21. Bxe5 Nc6 22. Bc3 Rd8 23. Rxd8+ Nxd8 24. Kf1 f5 25. Ke2 Kf7 26. Kd3 Ke6 27.
b3 Nf7 28. Bd4 a6 29. f3 Nd6 30. a4 Kd5 31. Ba7 e5 32. Bb8 e4+ 33. Kc3 Nf7 34.
f4 Nd8 35. Bc7 Ne6 36. Bb8 Nc5 37. g4 Nd3 38. gxf5 gxf5 39. h4 h5 40. Bc7 b5 41.
axb5 axb5 42. b4 Ne1 43. Kd2 Nf3+ 44. Ke2 Nxh4 45. Bd8 Nf3 46. Be7 h4 47. Kf2
Kc4 48. Kg2 Kd3 49. Bc5 Nd2 50. Kh3 Nc4 51. Kxh4 Nxe3 52. Kg5 Ke2 53. Bxe3 Kxe3
54. Kxf5 Kd4 55. Kg6 e3 56. f5 e2 57. f6 e1=Q 0-1